| 000 | 00983cam a2200277 a 4500 | ||
|---|---|---|---|
| 008 | |||
| 020 | _a1403996695 (hbk.) | ||
| 049 | _aMAIN | ||
| 090 |
_aHG2035 _bCOO |
||
| 245 | 0 | 0 |
_aCo-operative banking : _binnovations and developments / _cedited by Vittorio Boscia, Alessandro Carretta, Paola Schwizer. |
| 246 | 3 |
_aCooperative banking : _binnovations and developments |
|
| 260 |
_aBasingstoke [England] ; _aNew York : _bPalgrave Macmillan, _c2009. |
||
| 300 |
_axiii, 239 p. ; _c23 cm. |
||
| 440 | 0 | _aPalgrave Macmillan studies in banking and financial institutions | |
| 504 | _aIncludes bibliographical references. | ||
| 500 | _aIncludes index. | ||
| 650 | 0 | _aBanks and banking, Cooperative. | |
| 700 | 1 | _aBoscia, Vittorio. | |
| 700 | 1 | _aCarretta, Alessandro. | |
| 700 | 1 | _aSchwizer, Paola. | |
| 907 |
_a.b10276427 _b11-06-10 _c06-05-10 |
||
| 003 | |||
| 005 | 20230123125020.0 | ||
| 040 | _cNUST | ||
| 942 |
_cBOOKS _kHG2035 _mCOO |
||
| 999 |
_c134223 _d134223 |
||